El siglo XXI y el papel de la universidad: una radiografía de nuestra época y las tendencias en la educación superior (Registro nro. 5123)
[ vista simple ]
| 000 -CABECERA | |
|---|---|
| campo de control de longitud fija | 00646nam a22002057a 4500 |
| 005 - FECHA Y HORA DE ACTUALIZACIÓN | |
| campo de control | 20161213102351.0 |
| 008 - LONGITUD FIJA | |
| campo de control de longitud fija | 150504b xxu||||| |||| 00| 0 spa d |
| 041 ## - IDIOMA | |
| Código de idioma del texto/pista de sonido o título separado | |
| 082 ## - CLASIFICACIÓN DECIMAL DEWEY | |
| Número de clasificación | 378.728.6 R934s |
| 100 ## - AUTOR PERSONAL | |
| Nombre de persona | Ruiz, Ángel |
| 245 ## - TÍTULO PROPIAMENTE DICHO | |
| Título | El siglo XXI y el papel de la universidad: una radiografía de nuestra época y las tendencias en la educación superior |
| 260 ## - PIE DE IMPRENTA | |
| Lugar de publicación, distribución, etc. | Costa Rica |
| Nombre del editor, distribuidor, etc. | EUCR |
| Fecha de publicación, distribución, etc. | 2001 |
| 300 ## - DESCRIPCIÓN FÍSICA | |
| Extensión | 252 páginas |
| 650 ## - Materia General | |
| Materia general | COSTA RICA |
| 650 ## - Materia General | |
| Materia general | EDUCACIÓN SUPERIOR |
| 650 ## - Materia General | |
| Materia general | POLITICA ECONÓMICA |
| 650 ## - Materia General | |
| Materia general | DESARROLLO CIENTIFICO |
| 650 ## - Materia General | |
| Materia general | CULTURA |
| 942 ## - Punto de Acceso Adicional Koha | |
| Tipo de ítem Koha | Libro |
| Estado perdido | Estado dañado | No para préstamo | Biblioteca permanente | Biblioteca actual | Signatura completa | Código de barras | Precio efectivo a partir del | Tipo de ítem |
|---|---|---|---|---|---|---|---|---|
| Departamento de Biblioteca y Documentación Alfonso Chase Brenes | Departamento de Biblioteca y Documentación Alfonso Chase Brenes | 378.728.6 R934s | 14161 | 13/12/2016 | Libro |